000 00515nam a2200193Ia 4500
005 20250508153049.0
008 008 250505s9999 xx 000 0 eng d
037 _aTextual
040 _aFEDL
_beng
_cFEDL
041 _aeng
_2eng
084 _a334, CHA
_qFEDL
100 _aChampa Lal
_9347144
245 0 _aIndustrial and construction co-operatives
260 _aLudhiana, India
_bCivil Lines
300 _a83p.
650 _aEconomics
942 _cTEXL
_h334, CHA
999 _c1340476
_d1340476